Erlenkönig - Statistiken

Allgemein
  • Dieses Quiz wurde 50 mal gespielt
  • Das Durchschnittsergebnis liegt bei 7 aus 32
Antwortstatistiken
Hint Antwort % Korrekt
Es ist der Vater mit seinem Kind
94%
Wer reitet so spät durch Nacht und Wind
91%
Siehst Vater du den Erlkönig nicht
41%
In seinen Armen das Kind war tot
38%
Mein Sohn was birgst du so bang dein Gesicht
28%
Den Erlenkönig mit Kron und Schweif
25%
Erreicht den Hof mit Mühe und Not
22%
Gar schöne Spiele spiel ich mit dir
22%
Mein Sohn es ist ein Nebelstreif
22%
Er fasst ihn sicher er hält ihn warm
19%
Du liebes Kind komm geh mit mir
19%
Mein Vater mein Vater jetzt fasst er mich an
19%
Und bist du nicht willig so brauch ich Gewalt
16%
Manch bunte Blumen sind an dem Strand
16%
Er hat den Knaben wohl in dem Arm
16%
Was Erlenkönig mir leise verspricht
13%
Erlkönig hat mir ein Leids getan
13%
Ich liebe dich mich reizt deine schöne Gestalt
13%
Meine Mutter hat manch gülden Gewand
13%
Es scheinen die alten Weiden so grau
13%
Mein Sohn mein Sohn ich seh es genau
13%
Meine Töchter sollen dich warten schön
13%
Dem Vater grausets er reitet geschwind
13%
Mein Vater mein Vater und siehst du nicht dort
13%
Willst feiner Knabe du mit mir gehn
9%
Sei ruhig, bleibe ruhig, mein Kind
9%
Mein Vater mein Vater und hörest du nicht
9%
Und wiegen und tanzen und singen dich ein
9%
In dürren Blättern säuselt der Wind
6%
Erlkönigs Töchter am düstern Ort
6%
Meine Töchter führen den nächtlichen Reihn
6%
Er hält in Armen das ächzende Kind
0%
Keine übereinstimmenden Quizze gefunden
Verteilung der Resultate
Anzahl Personen mit jedem Resultat
Perzentil nach korrekt beantworteten Fragen
Ihre Resultats-Entwicklung
Sie haben dieses Quiz noch nicht gespielt